Ψεύτικες ή Πραγματικές Σημαίες #3 - Ξαφνικός Θάνατος - Statistics

General Stats
  • This quiz has been taken 51 times
  • The average score is 4 of 14
Answers on the Grid
Answers color-coded by a green-red scale on the quiz's grid according to % correct below.
Trulli
Trulli
Trulli
Trulli
Trulli
Trulli
Trulli
Trulli
Trulli
Trulli
Trulli
Trulli
Trulli
Trulli
Trulli
Trulli
Trulli
Trulli
Trulli
Trulli
Trulli
Trulli
Trulli
Trulli
Trulli
Trulli
Trulli
Trulli
 
Answer Stats
Answer % Correct
Trulli
86%
Trulli
45%
Trulli
32%
Trulli
27%
Trulli
23%
Trulli
23%
Trulli
23%
Trulli
23%
Trulli
18%
Trulli
18%
Trulli
18%
Trulli
14%
Trulli
9%
Trulli
5%
No matching quizzes found
Score Distribution
Percent of People with Each Score
Percentile by Number Answered
Your Score History
You have not taken this quiz